|
|
|
|
| LEADER |
00000nab a2200000 a 4500 |
| 001 |
vtls000066036 |
| 003 |
SK-MaSNL |
| 005 |
20260304065112.0 |
| 008 |
250422c1980 xo 0 slo |
| 015 |
|
|
|a SNBRB19rr/mm-uuuuu
|
| 035 |
|
|
|a CL0076136
|
| 035 |
|
|
|a urn:nbn:sk:snk-abb91x
|
| 035 |
|
|
|a (urnnbn)urn:nbn:sk:snk:ar-0055x0
|
| 035 |
|
|
|a (uuid)31cab8b0-e23e-4e18-bbc5-eb97e974a84a
|
| 040 |
|
|
|a SNKBUCL
|b slo
|c SNKBUCL
|e AACR2
|
| 041 |
0 |
|
|a cze
|
| 044 |
|
|
|a xo
|c SK
|
| 080 |
|
|
|a 331
|2 1981
|
| 080 |
|
|
|a 331.2
|2 1981
|
| 100 |
1 |
|
|a Bouček, Karel
|4 aut
|9 934188
|
| 245 |
1 |
0 |
|a Hmotná a morální zainteresovanost v technické práci
|c Karel Bouček
|
| 650 |
0 |
7 |
|a práca
|2 snkbucl
|9 2337
|
| 650 |
0 |
7 |
|a produktivita práce
|2 snkbucl
|9 2344
|
| 655 |
|
7 |
|a články z novín a časopisov
|2 snkbucl
|9 267496
|
| 773 |
0 |
|
|t Technická práca
|g Roč. 32, č. 9 (1980), s. 40-41
|
| 850 |
|
|
|a Slovenská národná knižnica
|
| 852 |
|
|
|a Slovenská národná knižnica
|
| 958 |
|
|
|a article15
|
| 958 |
|
|
|a RK
|
| 958 |
|
|
|a CZ
|
| 958 |
|
|
|a OND
|
| 958 |
|
|
|a EUIPO
|
| 992 |
|
|
|a RBX
|
| 999 |
|
|
|c 2749310
|d 2751240
|